Sports Quiz

Random Sports or Year Quiz
Score 0/19 Timer 03:00
2 Plays Today
% Correct
Michael Jordan
95%
Dennis Rodman
93.5%
Scottie Pippen
92.7%
Phil Jackson
91.9%
Steve Kerr
90.1%
Ron Harper
77.9%
Toni Kukoč
76.9%
Luc Longley
75.7%
Bill Wennington
74.3%
John Paxson
68.5%
% Correct
Jud Buechler
63.5%
Jimmy Rodgers
59.9%
Tex WInter
58.4%
Jack Haley
57.9%
Jim Cleamons
57.5%
James Edwards
53.9%
Randy Brown
53.8%
Dickey Simpkins
50%
Jason Caffey
49.3%
Remove Ads.
Support Sporcle.
Get the best of Sporcle when you Go Orange. This ad-free experience offers more features, more stats, and more fun while also helping to support Sporcle. Thank you for becoming a member.

You're not logged in!

Compare scores with friends on all Sporcle quizzes.
OR
Log In

Show Comments

Extras

Top Quizzes Today


Score Distribution

Your Account Isn't Verified!

In order to create a playlist on Sporcle, you need to verify the email address you used during registration. Go to your Sporcle Settings to finish the process.

Report this User

Report this user for behavior that violates our Community Guidelines.

Details: